Score 0/8 Timer 01:00
1 Play Today
% Correct
Aladdin
96.1%
Hook
95.9%
Night at the Museum
89.9%
Dead Poets Society
74.2%
Good Will Hunting
64.3%
Mrs. Doubtfire
63.6%
Jumanji
56.8%
What Dreams May Come
49.1%

Today's Daily Dose

Remove Ads.
Support Sporcle.
Get the best of Sporcle when you Go Orange. This ad-free experience offers more features, more stats, and more fun while also helping to support Sporcle. Thank you for becoming a member.

You're not logged in!

Compare scores with friends on all Sporcle quizzes.
OR
Log In

Show Comments

Extras

Top Quizzes Today


Score Distribution

Your Account Isn't Verified!

In order to create a playlist on Sporcle, you need to verify the email address you used during registration. Go to your Sporcle Settings to finish the process.

Report this User

Report this user for behavior that violates our Community Guidelines.

Details: